| 000 | 00779cam a2200277 4500 | ||
|---|---|---|---|
| 001 | |||
| 008 | 000000n2000 000 0 eng u | ||
| 020 | _a1902790049 | ||
| 035 | _a(Sirsi) u113515 | ||
| 050 | _a692.21 | ||
| 100 | _aLewis, Adair | ||
| 100 | _aDailey, William | ||
| 110 |
_aFire Protection Association _9231 |
||
| 245 | _aFire risk management in the workplace : a guide for employers. | ||
| 250 | _a2nd ed. | ||
| 260 |
_aLondon _bFire Protection Association _b2000 |
||
| 300 | _a160p. : ill. ; 21cm. | ||
| 350 | _a15.00 | ||
| 490 |
_aLibrary of Fire Safety _v5 |
||
| 650 | _aRISK ASSESSMENT | ||
| 650 | _aARSON | ||
| 650 | _aTERRORISM | ||
| 650 | _aFIRE PRECAUTIONS (WORKPLACE) REGULATIONS 1997 | ||
| 690 |
_aHealth and safety _96244 |
||
| 942 | _n0 | ||
| 999 |
_c101524 _d101524 |
||